Statistics for English born Champions League final Goalscorers

Click here to take the quiz!

General Stats

  • This quiz has been taken 31 times
  • The average score is 4 of 6

Answer Stats

YearAnswer% Correct
2005Gerrard
93%
2011Rooney
89%
2008Lampard
82%
1999Sheringham
68%
2006Campbell
68%
2000McManaman
43%

Score Distribution

Percentile by Number Answered

Percent of People with Each Score

Your Score History

You have not taken this quiz